Southville International School and Colleges
Your cart is empty.
  • Cart
  • Lists
    Public lists Eva Luna New books Lux_list list_1
    Your lists Log in to create your own lists
  • Log in to your account
  • Your cookies
  • Search history
Southville International School and Colleges
  • Advanced search
  • Recent comments
  • Most popular
  • Libraries

Log in to your account

Log in with GOOGLE


If you do not have an external account, but do have a local account, you can still log in:

  1. Home
  2. MARC view: Language /
Normal view MARC view ISBD view

Language / (Record no. 2399)

[ view plain ]
MARC details
000 -LEADER
fixed length control field 00492nam a22001817a 4500
003 - CONTROL NUMBER IDENTIFIER
control field OSt
005 - DATE AND TIME OF LATEST TRANSACTION
control field 20140310181731.0
008 - FIXED-LENGTH DATA ELEMENTS--GENERAL INFORMATION
fixed length control field 130312t xxu||||| |||| 00| 0 eng d
050 ## - LIBRARY OF CONGRESS CALL NUMBER
Classification number PE 1111
Item number .C889 1989
082 ## - DEWEY DECIMAL CLASSIFICATION NUMBER
Classification number GS 372.61
Item number C849 1989
100 ## - MAIN ENTRY--PERSONAL NAME
Personal name Cramer, Ronald L.
245 ## - TITLE STATEMENT
Title Language /
Statement of responsibility, etc Ronald L. Cramer
260 ## - PUBLICATION, DISTRIBUTION, ETC. (IMPRINT)
Place of publication, distribution, etc Glenview, Illinois :
Name of publisher, distributor, etc Scott, Foresman,
Date of publication, distribution, etc 1989.
300 ## - PHYSICAL DESCRIPTION
Extent 256 p. :
Dimensions 25 cm.
Other physical details col. ill. ;
650 ## - SUBJECT ADDED ENTRY--TOPICAL TERM
Topical term or geographic name as entry element Grammar
9 (RLIN) 1590
942 ## - ADDED ENTRY ELEMENTS (KOHA)
Source of classification or shelving scheme Library of Congress Classification
Koha item type
Holdings
Withdrawn status Lost status Source of classification or shelving scheme Damaged status Home library Current library Shelving location Date acquired Total Checkouts Full call number Barcode Date last seen Date checked out Copy number Price effective from Koha item type
    Library of Congress Classification   Luxembourg Library Luxembourg Library Grade School Section 09/27/2013 1 PE 1111 .C889 1989 7573 10/28/2015 06/13/2014 1 10/03/2013 Books

Language /

APA

Cramer R. L., . (1989). Language. Glenview, Illinois: Scott, Foresman.

Chicago

Cramer Ronald L, . 1989. Language. Glenview, Illinois: Scott, Foresman.

Harvard

Cramer R. L., . (1989). Language. Glenview, Illinois: Scott, Foresman.

MLA

Cramer Ronald L, . Language. Glenview, Illinois: Scott, Foresman. 1989.

  • Place hold
  • Print
  • Cite
  • Add to your cart (remove)
  • Save record
    BIBTEX Dublin Core MARCXML MARC (non-Unicode/MARC-8) MARC (Unicode/UTF-8) MARC (Unicode/UTF-8, Standard) MODS (XML) RIS
  • More searches
    Search for this title in:
    Other Libraries (WorldCat) Other Databases (Google Scholar) Online Stores (Bookfinder.com) Open Library (openlibrary.org)

Exporting to Dublin Core...

SOUTHVILLE LIBRARY

Southville International School and Colleges Library

1281 Tropical Ave. Cor. Luxembourg St., BF Homes International, Las Pinas City

Tel. No. 8256374 / 252358 Loc. 117/146

Powered by Koha